000
00333nam a2200145Ia 4500
005
20251222144841.0
008
251222s9999||||xx |||||||||||||| ||spa||
020
_a
8470501976
082
_a
200/R52
100
_a
Ribera, Juan de
245
0
_a
Sermones
250
_a
1ra. ed.
264
_b
Ediciones Corpus Christi
942
_c
LIB
999
_c
21232
_d
21232